00751nam a2200193 a 4500008004100000020001500041050001600056100002700072245003800099260004100137300002000178350000900198500006600207650003100273650002800304995008400332999001700416952012400433080109s1972 ||||||||||||||||| || u a0470970901 aTK 2785 Yam aYamamura, Sakae, 1918-10aTheory of linear induction motors aNew York:bJohn Wiley and Sonsc1972 axi, 161p.: ill. a0.00 a"A Halsted Press book." -Includes bibliographical references. aELECTRIC MOTORS, INDUCTION aELECTRIC MOTORS, LINEAR D0.00FCBU-MAIN LIBRARY (Kitwe)H1I6.05UAVAILABLEZAnnex Low-Usage Collection  c59787d59787 00102lcc4070a001b001cAnnex Low-Usage Collection d2022-11-30l0oTK 2785 Yamp016737r2022-11-30w2022-11-30y002